Reports of working groups for the preparation of a framework for VAT in Madhya Pradesh (Record no. 503581)

000 -LEADER
fixed length control field 00389cam a22001097a 4500
008 - FIXED-LENGTH DATA ELEMENTS--GENERAL INFORMATION
fixed length control field 180718b1998 xxu||||| |||| 00| 0 eng d
082 ## - DEWEY DECIMAL CLASSIFICATION NUMBER
Classification number L27x5422 In8
245 ## - TITLE STATEMENT
Title Reports of working groups for the preparation of a framework for VAT in Madhya Pradesh
260 ## - PUBLICATION, DISTRIBUTION, ETC.
Place of publication, distribution, etc. Indore
Name of publisher, distributor, etc. Abhishek Publications
Date of publication, distribution, etc. 1998
300 ## - PHYSICAL DESCRIPTION
Extent --
700 ## - ADDED ENTRY--PERSONAL NAME
Personal name Madhya Pradesh. Office of the Commissioner of Commercial Tax
Holdings
Withdrawn status Lost status Damaged status Not for loan Permanent Location Current Location Date acquired Full call number Barcode Date last seen Price effective from Koha item type
        Indian Institute of Public Administration Indian Institute of Public Administration 2018-08-04 L27x5422 In8 GG32043 2018-08-04 2018-08-04 GG

Powered by Koha